UBT Library

Moss and Adams heart disease in infants, children, and adolescents : (Record no. 46975)

000 -LEADER
fixed length control field 00856cam a2200241 a 4500
001 - CONTROL NUMBER
control field 2525535
005 - DATE AND TIME OF LATEST TRANSACTION
control field 20180809074924.0
008 - FIXED-LENGTH DATA ELEMENTS--GENERAL INFORMATION
fixed length control field 931108s1995 mdua b 001 0 eng c
010 ## - LIBRARY OF CONGRESS CONTROL NUMBER
LC control number 93044331
020 ## - INTERNATIONAL STANDARD BOOK NUMBER
International Standard Book Number 0683029991 (set)
040 ## - CATALOGING SOURCE
Original cataloging agency DNLM/DLC
Transcribing agency DLC
Modifying agency DLC
041 ## - LANGUAGE CODE
Language code of text/sound track or separate title eng
060 00 - NATIONAL LIBRARY OF MEDICINE CALL NUMBER
Classification number WS 290 H436 1995
080 ## - UNIVERSAL DECIMAL CLASSIFICATION NUMBER
Edition identifier 5 th
Universal Decimal Classification number 618.921 EMM
082 00 - DEWEY DECIMAL CLASSIFICATION NUMBER
Classification number 618.921 EMM
Edition number 20
100 ## - Rafti
Rafti 7
101 ## - Shkurtesa
Shkurtesa KAR
245 10 - TITLE STATEMENT
Title Moss and Adams heart disease in infants, children, and adolescents :
Statement of responsibility, etc Emmanouilides.G.C
504 ## - BIBLIOGRAPHY, ETC. NOTE
Bibliography, etc Includes bibliographical references and index.
906 ## - LOCAL DATA ELEMENT F, LDF (RLIN)
a 7
b cbc
c orignew
d 1
e ocip
f 19
g y-gencatlg
942 ## - ADDED ENTRY ELEMENTS (KOHA)
Source of classification or shelving scheme
Item type Books
Holdings
Withdrawn status Lost status Source of classification or shelving scheme Damaged status Not for loan Collection code Permanent location Current location Shelving location Date acquired Total Checkouts Full call number Barcode Date last seen Price effective from Koha item type
          Koleksioni i përgjithshem UBT - Lipjan UBT - Lipjan Koleksioni i përgjithshem 08/09/2018   618.921 EMM 002-3010751 08/09/2018 08/09/2018 Books
          Koleksioni i përgjithshem UBT - Lipjan UBT - Lipjan Koleksioni i përgjithshem 08/09/2018   618.921 EMM 002-3010756 08/09/2018 08/09/2018 Books
UBT Library © 2015-2024. All rights reserved University Education for Business and Technology